000 00426nam a22001577a 4500
005 20150318102223.0
008 150318b xxu||||| |||| 00| 0 eng d
020 _a0195773403
040 _cPK-LaUMT
082 _aKHC 954.035
_bHOD-G
100 _aHodson, H.V.
245 _aThe great divide
_bBritain - India - Pakistan
_cH.V. Hodson
260 _aKarachi
_bOxford University Press
_c1985
300 _a590 p.
942 _cBK
999 _c67998
_d67998